| 000 | 01415cam a2200337 a 4500 | ||
|---|---|---|---|
| 001 | 12458906 | ||
| 003 | JO-AjAnu | ||
| 005 | 20231203092313.0 | ||
| 008 | 010702s2002 nyua 001 0 eng | ||
| 010 | _a 2001271682 | ||
| 020 | _a0471382280 | ||
| 040 |
_aDLC _cDLC _dDLC _dJO-AjAnu |
||
| 050 | 0 | 0 |
_aHF5635 _b.W524 2002 |
| 082 | 0 | 0 |
_a657 _221 |
| 100 | 1 |
_aWeygandt, Jerry J. _eauthor |
|
| 245 | 1 | 0 |
_aAccounting principles / _cJerry J. Weygandt, Donald E. Kieso, Paul D. Kimmel. |
| 250 | _a6th ed. | ||
| 260 |
_aNew York : _bJohn Wiley & Sons, _cc2002 |
||
| 300 |
_axxx, 1138, [63] p. : _bcol. ill. ; _c29 + _e1 computer optical disc (4 3/4 in.) |
||
| 500 | _aIncludes indexes. | ||
| 530 | _aSupplement available electronically via the World Wide Web at http://www.wiley.com/college/weygandt | ||
| 650 | 0 | _aAccounting. | |
| 700 | 1 |
_aKieso, Donald E. _ejoint author |
|
| 700 | 1 |
_aKimmel, Paul D. _ejoint author |
|
| 856 | 4 | 2 |
_3Publisher description _uhttp://www.loc.gov/catdir/description/wiley036/2001271682.html |
| 856 | 4 |
_3Table of Contents only _uhttp://www.loc.gov/catdir/toc/onix07/2001271682.html |
|
| 856 | 4 | 2 |
_3Contributor biographical information _uhttp://www.loc.gov/catdir/enhancements/fy0611/2001271682-b.html |
| 906 |
_a7 _bcbc _corigcop _d3 _encip _f20 _gy-gencatlg |
||
| 942 |
_2lcc _cBK _n0 |
||
| 999 |
_c33235 _d33235 |
||